000 01408nam a2200409 c 4500
999 _c51843
_d51843
003 BLK
005 20220217133742.0
008 180408b bul|||||r ||||||| ||bul||
010 _aKNG00055758000
020 _a954-488-094-1
040 _aBLK
041 _aBUL
_cBUL
072 7 _2bullib
_aЯ
_xАвтографи
080 _aБългарска литература
_b821.163.2
_x-94
_z821.163.2-94
080 _aКраезнание
_b908
_x(497.215)(092)(093.3)
_z908(497.215)(092)(093.3)
080 _aБиографии
_b929
_x(497.215)
_z929(497.215)
100 1 _aПачников, Иван Христов
_eпърви автор
_9284049
139 _aПачников, Иван Христов
_bП 29
245 1 0 _aРусенски етюди - видяно и преживяно
_cИван Христов Пачников.
257 _aBGR
260 _bВулкан 4
_c2005
300 _a160 с.
_bс портр., ил.
_c22 см
380 _aX
500 _aОфс. изд.
650 4 _aРусе - история
_9242626
650 4 _aГрадове - България
_9243112
653 _aмемоари
653 _aспомени
653 _aРусе
659 _aК
659 _aЯ
852 _aЦб 224956
852 _aК 821.163.2/П 29 И
856 4 _qpdf
856 4 _qpdf
942 _cKNG
_n0
_s1
944 _aCR
_c21.12.2005
_kГеновева_Генчева
944 _aED
_c16.05.2011
999 _d51843